| 000 | 00396nam a22001697a 4500 | ||
|---|---|---|---|
| 003 | macl | ||
| 005 | 20160203123731.0 | ||
| 008 | 160203b xxu||||| |||| 00| 0 eng d | ||
| 040 | _cmacl | ||
| 041 | _aEnglish | ||
| 082 | _a823/MAC | ||
| 100 |
_aMacwan Joseph _936523 |
||
| 245 | _aThe Stepchild | ||
| 260 |
_aNew Delhi _bOxford University _c2004 |
||
| 650 |
_aNovel _936524 |
||
| 942 |
_2ddc _cBK |
||
| 999 |
_c53010 _d53010 |
||